Educar en la memoria : (Registro nro. 59153)
[ vista simple ]
| 000 -CABECERA | |
|---|---|
| Longitud fija campo de control | 02159nam a2200409 c 4500 |
| 003 - • IDENTIFICADOR DELl NÚMERO DE CONTROL | |
| Identificador del número de control | CO-BoRNBP |
| 005 - • FECHA Y HORA DE LA ÚLTIMA TRANSACCIÓN | |
| Fecha y hora de la última transacción | 20250912201436.0 |
| 007 - • CAMPO FIJO DE DESCRIPCIÓN FÍSICA | |
| Campo fijo de descripción física | ta |
| 008 - • CÓDIGOS DE INFORMACIÓN DE LONGITUD FIJA | |
| Códigos de información de longitud fija | 231020s2020 ck ||jr ||| 00| 0 spa d |
| 020 ## - • NÚMERO INTERNACIONAL NORMALIZADO PARA LIBROS | |
| Número Internacional Normalizado para Libros (ISBN) | 9789585503809 |
| 040 ## - FUENTE DE LA CATALOGACIÓN | |
| Centro catalogador de origen | CO-BoRNBP |
| Lengua de catalogación | spa |
| Normas de descripción | rda |
| Centro transcriptor | CO-BoRNBP |
| 041 0# - • CÓDIGO DE LENGUA | |
| Código de lengua del texto/banda sonora o título independiente | spa |
| 082 04 - • NÚMERO DE LA CLASIFICACIÓN DECIMAL DEWEY | |
| Número de clasificación (R) | 809 |
| Número del ítem | E28e |
| Número de edición | 22 |
| 084 ## - • Clasificación Local Alfanúmerica PNLB | |
| Número de clasificación | 809 E28e |
| 245 00 - • TITULO PROPIAMENTE DICHO | |
| Título | Educar en la memoria : |
| Resto del título | entre la lectura, la narrativa literaria y la historia reciente / |
| Mención de responsabilidad, etc. | Nylza Offir García Vera [y otros tres]. |
| 250 ## - • MENCIÓN DE EDICIÓN | |
| Mención de edición | Segunda edición |
| 264 #1 - PRODUCCIÓN, PUBLICACIÓN , DISTRIBUCIÓN, FABRICACIÓN Y COPYRIGHT | |
| Lugar de producción, publicación, distribución, fabricación | Bogotá, Colombia : |
| Nombre del productor, editor, distribuidor, fabricante | Universidad pedagógica nacional, |
| Fecha de de producción, publicación, distribución, fabricación o copyright | 2020 |
| 300 ## - • DESCRIPCIÓN FÍSICA | |
| Extensión | 120 páginas |
| 336 ## - TIPO DE CONTENIDO | |
| Término de tipo de contenido | texto |
| Código de tipo de contenido | txt |
| Fuente | rdacontent |
| 337 ## - TIPO DE MEDIO | |
| Nombre del tipo de medio | sin mediación |
| Código del tipo de medio | n |
| Fuente | rdamedia |
| 338 ## - TIPO DE SOPORTE | |
| Nombre del tipo de soporte | volumen |
| Código del tipo de soporte | nc |
| Fuente | rdacarrier |
| 490 ## - • MENCIÓN DE SERIE | |
| Mención de serie | Rescate |
| 504 ## - • NOTA DE BIBLIOGRAFÍA, ETC | |
| Nota de bibliografía, etc. | Incluye referencias bibliográficas e índice |
| 505 0# - • NOTA DE CONTENIDO CON FORMATO | |
| Nota de contenido con formato | Narrativa literaria, realidad y memoria.-- Memoria, educación y lectura literaria.-- Pedagogía de la memoria y lectura: el caso de la novela vivir sin los otros del escritor Fernando González Santos |
| 520 3# - • NOTA DE RESUMEN | |
| Resumen, etc, | Colombia ha vivido uno de los conflictos más prolongados de la historia, pero también uno de los más aterradores. No solo por los delitos emanados de la guerra, sino además por el saldo de víctimas que de manera apabullante se nos ofrece ante los ojos. La presente obra acoge este principio ético de educar en la memoria para abrir camino a pedagogías posibles, centradas en la lectura, que den lugar a la alteridad, al aprendizaje del dolor, a interpretar y reinterpretar nuestra historia reciente mediante el acogimiento del discurso y la experiencia de los otros |
| 545 ## - DATOS BIOGRÁFICOS O HISTÓRICOS | |
| Datos bigr´ficos o históricos | Incluye información biográfica del autor |
| 600 #0 - • PUNTO DE ACCESO ADICIONAL DE MATERIA - NOMBRE DE PERSONA | |
| Nombre de persona | González Santos, Fernando |
| 650 07 - • PUNTO DE ACCESO ADICIONAL DE MATERIA - TÉRMINO DE MATERIA | |
| Término de materia o nombre geográfico como elemento inicial | Critica literaria |
| Fuente del encabezamiento o término | LEMB |
| 650 07 - • PUNTO DE ACCESO ADICIONAL DE MATERIA - TÉRMINO DE MATERIA | |
| Término de materia o nombre geográfico como elemento inicial | Lectura y escritura |
| Fuente del encabezamiento o término | lemb |
| 650 07 - • PUNTO DE ACCESO ADICIONAL DE MATERIA - TÉRMINO DE MATERIA | |
| Término de materia o nombre geográfico como elemento inicial | Arte de Escribir |
| Fuente del encabezamiento o término | LEMB |
| 700 ## - • PUNTO DE ACCESO ADICIONAL - NOMBRE DE PERSONA | |
| Nombre de persona | Arango Murcia, Yeymi Alejandra |
| Término indicativo de función | aut |
| 700 ## - • PUNTO DE ACCESO ADICIONAL - NOMBRE DE PERSONA | |
| Nombre de persona | García Vera, Nylza Offir |
| Término indicativo de función | aut |
| 700 ## - • PUNTO DE ACCESO ADICIONAL - NOMBRE DE PERSONA | |
| Nombre de persona | Londoño Briceño, Joana Alexandra |
| Término indicativo de función | aut |
| 700 ## - • PUNTO DE ACCESO ADICIONAL - NOMBRE DE PERSONA | |
| Nombre de persona | Sánchez Beltrán, Carlos Andrés |
| Término indicativo de función | aut |
| 942 ## - ENTRADA DE ELEMENTOS AGREGADOS (KOHA) | |
| Fuente de clasificaión o esquema | Dewey Decimal Classification |
| Koha [por defecto] tipo de item | LIbro |
No hay ítems disponibles.